|
|
|
|
| LEADER |
00000naa2a2200000 4500 |
| 001 |
153588 |
| 005 |
20231031151447.0 |
| 035 |
|
|
|a (RuTPU)RU\TPU\book\166617
|
| 090 |
|
|
|a 153588
|
| 100 |
|
|
|a 20090213d2008 k y0rusy50 ca
|
| 101 |
0 |
|
|a rus
|
| 102 |
|
|
|a RU
|
| 200 |
1 |
|
|a Возможности оформления интерьеров с помощью декоративной штукатурки
|f В. М. Макарова, Ю. О. Ломаева
|g науч. рук. М. А. Василькова
|
| 320 |
|
|
|a Библиогр.: 1 назв.
|
| 461 |
|
1 |
|0 (RuTPU)RU\TPU\book\156858
|t Современные техника и технологии
|o 14 Международная научно-практическая конференция студентов, аспирантов и молодых ученых, г. Томск, 24-28 марта 2008 г.
|o труды
|o в 3 т.
|f Томский политехнический университет (ТПУ)
|d 2008
|
| 463 |
|
0 |
|0 (RuTPU)RU\TPU\book\155178
|t Т. 3
|v С. 514-516
|d 2008
|p 621 с.
|
| 610 |
1 |
|
|a штукатурка
|
| 610 |
1 |
|
|a оформление
|
| 610 |
1 |
|
|a дизайн
|
| 610 |
1 |
|
|a интерьеры
|
| 610 |
1 |
|
|a декоративная штукатурка
|
| 610 |
1 |
|
|a декорирование
|
| 610 |
1 |
|
|a стены
|
| 610 |
1 |
|
|a покрытия
|
| 610 |
1 |
|
|a имитация
|
| 610 |
1 |
|
|a труды учёных ТПУ
|
| 700 |
|
1 |
|a Макарова
|b В. М.
|
| 701 |
|
1 |
|a Ломаева
|b Ю. О.
|
| 702 |
|
1 |
|a Василькова
|b М. А.
|4 727
|
| 801 |
|
1 |
|a RU
|b 63413507
|c 20090213
|g PSBO
|
| 801 |
|
2 |
|a RU
|b 63413507
|c 20141111
|g RCR
|
| 942 |
|
|
|c BK
|